000 007680000a22002650004500
003 LK-CoMWRAF
008 230817t ||||| |||| 00| 0 eng d
040 _aLK-CoMWRAF
_dLK-CoMWRAF
_eLK-CoMWRAF
041 _aeng
082 _a060
_bGOM
100 _aGomez, Mario
245 _aDisplacement and the Human Rights Commission:
_bAn Agneda for Advocacy
260 _bHuman Rights Commission
_aSri Lanka
_c2004
650 _aAccess to Education
650 _aAccess to Relief
650 _aAccess to Water
650 _aClash of Rights
650 _aHigh Security Zones
650 _aLand and the Parallel LTTE Structures
650 _aLTTE and the HSZs
650 _aNambiar Report
650 _aProperty Rights
650 _aVoting Rights
942 _cBK
999 _c1734
_d1734